Los siete libros de la diana
সংরক্ষণ করুন:
| প্রধান লেখক: | |
|---|---|
| বিন্যাস: | গ্রন্থ |
| ভাষা: | স্প্যানিশ |
| প্রকাশিত: |
Madrid
Espasa-Calpe
1946
|
| মালা: | Clásicos Castellanos, 127
|
| বিষয়গুলি: | |
| ট্যাগগুলো: |
ট্যাগ যুক্ত করুন
কোনো ট্যাগ নেই, প্রথমজন হিসাবে ট্যাগ করুন!
|
MARC
| LEADER | 00000nam a2200000 a 4500 | ||
|---|---|---|---|
| 001 | UCX5039 | ||
| 003 | CL-VaPUC | ||
| 008 | 920826e19460000SP |||||||||||||||||spa|d | ||
| 082 | 0 | 4 | |a 863 |b MON |2 21 |
| 100 | |a Montemayor, Jorge de |e autor |9 543496 | ||
| 245 | 1 | 4 | |a Los siete libros de la diana |
| 300 | |a 302 p | ||
| 942 | |c BK | ||
| 945 | |d 19920826 00:00:00 | ||
| 260 | |a Madrid |b Espasa-Calpe |c 1946 | ||
| 650 | 0 | |a Novelas españolas |9 265052 | |
| 583 | |a last modification |c 19920826 00:00:00 |k Rodrigo Vera | ||
| 490 | 0 | |a Clásicos Castellanos, 127 | |
| 999 | |c 225396 |d 225394 | ||
| 952 | |0 0 |1 0 |4 0 |6 863_000000000000000_MON_1946 |7 0 |8 A |9 222877 |a FDOPOS |b FDOPOS |d 2019-11-15 |i 2916363 |o 863 MON 1946 |p 2916363 |r 2025-01-22 |w 2019-11-15 |y BK |k MLH | ||